Harry Potter Spells #2 - Statistics

General Stats
  • This quiz has been taken 38 times
  • The average score is 11 of 15
Answer Stats
Hint Answer % Correct
Erases the memory of the target Obliviate
97%
summons a snake Serpentsortia
94%
Produces a bouquet of flowers Orchideous
91%
sticks the target's tongue to the roof of their mouth Langlock
84%
Picks up the target into the air by the ankle Levicorpus
84%
Summons the Dark Mark in the sky Morsmordre
84%
Summons Birds Avis
81%
Wakes one up from a magically caused stunning Rennervate
81%
Awakens the statues of Hogwarts Piertotum Locomotor
66%
Cleaning spell Scourgify
66%
Makes teeth grow Densaugeo
63%
Propels small projectiles (like wadded-up gum) Waddiwasi
63%
Makes the target dance uncontrollably Tarantallegra
59%
Tracks the target Homunculus Charm
47%
Magically connects similar objects Protean Charm
41%
No matching quizzes found
Score Distribution
Percent of People with Each Score
Percentile by Number Answered
Your Score History
You have not taken this quiz